<?xml version="1.0" encoding="UTF-8"?>
<record
    xmlns:xsi="http://www.w3.org/2001/XMLSchema-instance"
    xsi:schemaLocation="http://www.loc.gov/MARC21/slim http://www.loc.gov/standards/marcxml/schema/MARC21slim.xsd"
    xmlns="http://www.loc.gov/MARC21/slim">

  <leader>01287nam a22002177a 4500</leader>
  <datafield tag="952" ind1=" " ind2=" ">
    <subfield code="0">0</subfield>
    <subfield code="1">0</subfield>
    <subfield code="4">0</subfield>
    <subfield code="7">0</subfield>
    <subfield code="a">18</subfield>
    <subfield code="b">18</subfield>
    <subfield code="d">2018-07-11</subfield>
    <subfield code="l">4</subfield>
    <subfield code="o">BF724 D6518</subfield>
    <subfield code="p">18 004600</subfield>
    <subfield code="r">2024-08-06</subfield>
    <subfield code="s">2020-02-27</subfield>
    <subfield code="t">1</subfield>
    <subfield code="w">2018-07-11</subfield>
    <subfield code="y">LB</subfield>
  </datafield>
  <datafield tag="999" ind1=" " ind2=" ">
    <subfield code="c">103125</subfield>
    <subfield code="d">103125</subfield>
  </datafield>
  <controlfield tag="008">180711s2004    sp ||||| |||| 00| 0 spa d</controlfield>
  <datafield tag="020" ind1=" " ind2=" ">
    <subfield code="a">9788449315398</subfield>
  </datafield>
  <datafield tag="050" ind1=" " ind2=" ">
    <subfield code="a">BF724</subfield>
    <subfield code="b">D6518</subfield>
  </datafield>
  <datafield tag="100" ind1=" " ind2=" ">
    <subfield code="a">Dolto, Francoise</subfield>
    <subfield code="e">autor</subfield>
  </datafield>
  <datafield tag="245" ind1="1" ind2="0">
    <subfield code="a">La causa de los adolescentes</subfield>
    <subfield code="c"> / Francoise Dolto; traducci&#xF3;n de Rosa Mar&#xED;a Bassols</subfield>
  </datafield>
  <datafield tag="260" ind1="3" ind2=" ">
    <subfield code="a">Espa&#xF1;a</subfield>
    <subfield code="b"> : Paid&#xF3;s</subfield>
    <subfield code="c">, 2004</subfield>
  </datafield>
  <datafield tag="300" ind1=" " ind2=" ">
    <subfield code="a">294 p&#xE1;ginas</subfield>
  </datafield>
  <datafield tag="500" ind1=" " ind2=" ">
    <subfield code="a">(2a. impresi&#xF3;n, marzo 2015)</subfield>
  </datafield>
  <datafield tag="505" ind1=" " ind2=" ">
    <subfield code="a">El concepto de la adolescencia: punto de referencia, puntos de ruptura
El sue&#xF1;o de la eterna juventud, mitos y arquetipos
La imagen del cuerpo
La leyenda de los j&#xF3;venes
Los h&#xE9;roes y los modelos
El discurso sobre el efebo
Crecimiento y comportamiento
Ritos de paso y proyectos adolescentes
Perturbadores de la psiquiatr&#xED;a y psicoan&#xE1;lisis sin palabras
Los suicidios de adolescentes: una epidemia ocultada
A cada uno su droga: falsos para&#xED;sos y pseudogrupos
Jaque al fracaso escolar
La familia deshecha
El nuevo comportamiento amoroso
Los derechos y los deberes
Cuando los j&#xF3;venes tiene la palabra</subfield>
  </datafield>
  <datafield tag="519" ind1=" " ind2=" ">
    <subfield code="a">Material Complementario / </subfield>
    <subfield code="d">(18 004600)</subfield>
  </datafield>
  <datafield tag="650" ind1="1" ind2="4">
    <subfield code="a">ADOLESCENCIA</subfield>
  </datafield>
  <datafield tag="650" ind1="1" ind2="4">
    <subfield code="a">PSICOLOG&#xCD;A DEL ADOLESCENTE</subfield>
  </datafield>
  <datafield tag="650" ind1="1" ind2="4">
    <subfield code="a">PSIQUIATR&#xCD;A DEL ADOLESCENTE</subfield>
  </datafield>
  <datafield tag="700" ind1=" " ind2=" ">
    <subfield code="a">Bassols, Rosa Mar&#xED;a</subfield>
    <subfield code="e">traductor</subfield>
  </datafield>
  <datafield tag="942" ind1=" " ind2=" ">
    <subfield code="c">LB</subfield>
  </datafield>
</record>
